00592nam a2200169 i 450000100060000000300090000600500170001500700030003200800410003510000260007624500850010226000430018730000220023085200320025299900170028495201210030171797ES-MaACL20230906171230.0t|040818s1955 it ||||1| ita d1 aGiacon, Carlo.95659913aIl movimento di Gallarate b: i dicci convegni dal 1945 al 1954 /cCarlo Giacon. aPadova : bCedam, c1955 (fGaraugola) a219 p. ; c23 cm. aES-MaACLjC-15812 bR.43437 c71797d71797 00104070aATENEOMbATENEOMcFICHd2008-01-17eSCl0oC-15812p1075163r2023-02-23 00:00:00w2023-02-23yMONOGRAFIA